Guess the random Taylor Swift Song Lyrics 105 - Statistics

General Stats
  • This quiz has been taken 10 times
  • The average score is 232 of 356
Answer Stats
Answer % Correct
a
100%
I
90%
me
90%
t
90%
the
90%
The
90%
you
90%
You
90%
your
90%
"Your
90%
And
80%
and
80%
my
80%
to
80%
up
80%
us
80%
we
80%
with
80%
call
70%
did
70%
home
70%
in
70%
In
70%
it
70%
(it
70%
It
70%
Like
70%
on
70%
so
70%
that
70%
time
70%
way
70%
were
70%
When
70%
when
70%
at
60%
end
60%
gave
60%
had
60%
hands
60%
lips
60%
no
60%
of
60%
off
60%
one
60%
saw
60%
say
60%
see
60%
shirt
60%
used
60%
was
60%
again
50%
Ain't
50%
always
50%
anyway"
50%
ass
50%
between
50%
burgundy
50%
came
50%
Carnations
50%
'Cause
50%
cheap
50%
cheeks
50%
chose
50%
cleaning
50%
closest
50%
collarbone
50%
dancin'
50%
day
50%
ends
50%
every
50%
eyed
50%
feet
50%
floor
50%
friend
50%
fuckin'
50%
fucking
50%
grew
50%
hallway
50%
head
50%
hell
50%
how"
50%
how
50%
How
50%
"How'd
50%
incense
50%
into
50%
lap
50%
leave
50%
legacy
50%
Looked
50%
lose
50%
lost
50%
mark
50%
maroon
50%
(maroon)
50%
maroon)
50%
matter
50%
memory
50%
morning
50%
New
50%
over
50%
real
50%
roommates
50%
rose
50%
roses
50%
rust
50%
scarlet
50%
shelf
50%
shit
50%
shoes
50%
sight
50%
sky
50%
splashed
50%
standin'
50%
telephones
50%
that's
50%
That's
50%
thought
50%
track
50%
vinyl
50%
what
50%
wine
50%
York
50%
blood
40%
hazy
40%
hollow
40%
Laughing
40%
now
40%
rushed
40%
screw
40%
top
40%
wake
40%
blind
30%
feel
30%
rubies
30%
shaking
30%
Sobbin'
30%
silence
20%
No matching quizzes found
Score Distribution
Percent of People with Each Score
Percentile by Number Answered
Your Score History
You have not taken this quiz